<?xml version="1.0" encoding="UTF-8"?>
<record
    xmlns:xsi="http://www.w3.org/2001/XMLSchema-instance"
    xsi:schemaLocation="http://www.loc.gov/MARC21/slim http://www.loc.gov/standards/marcxml/schema/MARC21slim.xsd"
    xmlns="http://www.loc.gov/MARC21/slim">

  <leader>05240njm a2200649Ia 4500</leader>
  <controlfield tag="001">D7374</controlfield>
  <controlfield tag="003">IT-RoPAU</controlfield>
  <controlfield tag="005">20220918181114.0</controlfield>
  <controlfield tag="008">131025s9999    xx            000 0 und d</controlfield>
  <datafield tag="040" ind1=" " ind2=" ">
    <subfield code="a">IT-RoPAU</subfield>
  </datafield>
  <datafield tag="040" ind1=" " ind2=" ">
    <subfield code="c">IT-RoPAU</subfield>
  </datafield>
  <datafield tag="999" ind1=" " ind2=" ">
    <subfield code="c">99280</subfield>
    <subfield code="d">99280</subfield>
  </datafield>
  <datafield tag="999" ind1=" " ind2=" ">
    <subfield code="b">n.d.</subfield>
  </datafield>
  <datafield tag="100" ind1=" " ind2=" ">
    <subfield code="a">AA.VV.</subfield>
    <subfield code="9">794</subfield>
  </datafield>
  <datafield tag="100" ind1=" " ind2=" ">
    <subfield code="e">Autore musica</subfield>
    <subfield code="9">31102</subfield>
  </datafield>
  <datafield tag="100" ind1=" " ind2=" ">
    <subfield code="g">Codice autore musica SPICS: 12000</subfield>
    <subfield code="9">796</subfield>
  </datafield>
  <datafield tag="245" ind1=" " ind2=" ">
    <subfield code="a">Top of the Spot 2 Classic</subfield>
  </datafield>
  <datafield tag="250" ind1=" " ind2=" ">
    <subfield code="a">1a ed.</subfield>
  </datafield>
  <datafield tag="260" ind1=" " ind2=" ">
    <subfield code="a">LONDON</subfield>
  </datafield>
  <datafield tag="260" ind1=" " ind2=" ">
    <subfield code="b">DECCA RECORD COMPANY</subfield>
    <subfield code="c">1996 [1a Ed.:1996 - Ed. Lingua Orig.: 1996]</subfield>
  </datafield>
  <datafield tag="300" ind1=" " ind2=" ">
    <subfield code="a">COMPACT DISC</subfield>
  </datafield>
  <datafield tag="300" ind1=" " ind2=" ">
    <subfield code="c">78 minuti (Testo:  pag.)</subfield>
  </datafield>
  <datafield tag="500" ind1=" " ind2=" ">
    <subfield code="a">Spot tv. Musica dalla pubblicit&#xE0;. 19 splendidi brani di musica classica.</subfield>
  </datafield>
  <datafield tag="505" ind1=" " ind2=" ">
    <subfield code="a">Sogno d'amore [(Bolet Jorge) (spot televisivo Pellicceria Annabella) (5:00)] - Moldava [(La mia patria) (spot televisivo Fette Biscottate al Malto Mulino Bianco) (4:00)] - Andante [(Sonata n. 5, Estr.) (spot televisivo Kraft Philadelphia Frescovivo) (4:00)] - Baba  Yaga [(Quadri di una esposizione, Estr.) (spot televisivo Seat Ibiza) (2:00)] - Pavane [(spot televisivo Loulou di Cacharel) (6:00)] - Inno alla gioia [(spot televisivo Hyundai Accent) (8:00)] - Gymnopedie n. 1 [(spot televisivo Molteni e C. Dada) (4:00)] - Vedi le fosche notturne spoglie [(Il trovatore) (spot televisivo Seat Cordoba) (3:00)] - Sinfonia n. 5 [(Estr.) (spot televisivo Coop) (4:00)] - Preludio [(Carmen) (spot televisivo Ford Courier) (3:00)] - Valse lente [(Coppelia) (spot televisivo F.Lli Frattini - Agenzia Publidue) (3:00)] -  Sinfonia n. 9 "Dal nuovo mondo" [(spot televisivo Ford Transit) (4:00)] -  La gazza ladra, ouverture (spot televisivo ex Cuochi - Lavastoviglie Techna) (6:00)] -  Dome epais le Jasmin [(Lakme) (spot televisivo British Airways) (6:00)] -  Sinfonia n. 4 "Italiana" [(spot televisivo Fiat: Sinfonia Italiana) (5:00)] - La ci darem la mano [(Don Giovanni) (spot televisivo Agip: Guardiamo L'olio?) (4:00)] - Guglielmo Tell, ouverture [(spot televisivo Tecnocasa - Agenzia Professionals) (4:00)] -  Sul bel Danubio blu [(spot televisivo Coop) (6:00)] - Summertime [(Porgy &amp; Bess) (spot televisivo Rex: Asciuga Biancheria Solarex) (3:00)]</subfield>
  </datafield>
  <datafield tag="511" ind1=" " ind2=" ">
    <subfield code="a">Israel Philarmonic Orchestra diretta da Weller Walter</subfield>
  </datafield>
  <datafield tag="511" ind1=" " ind2=" ">
    <subfield code="a">Orchestre Symphonique Demontreal diretta da Dutoit Charles</subfield>
  </datafield>
  <datafield tag="511" ind1=" " ind2=" ">
    <subfield code="a">Academy Of St. Martin In The Fields diretta da Marriner Neville</subfield>
  </datafield>
  <datafield tag="511" ind1=" " ind2=" ">
    <subfield code="a">Chicago Symphony Orchestra &amp; Chorus diretta da Solti George</subfield>
  </datafield>
  <datafield tag="511" ind1=" " ind2=" ">
    <subfield code="a">Roge Pascal</subfield>
  </datafield>
  <datafield tag="511" ind1=" " ind2=" ">
    <subfield code="a">London Philharmonic Orchestra diretta da Solti Georg</subfield>
  </datafield>
  <datafield tag="511" ind1=" " ind2=" ">
    <subfield code="a">Orchestre Se la Suisse Romande diretta da Bonynge Richard</subfield>
  </datafield>
  <datafield tag="511" ind1=" " ind2=" ">
    <subfield code="a">The Cleveland Orchestra diretta da Von Dohnanyi Christo</subfield>
  </datafield>
  <datafield tag="511" ind1=" " ind2=" ">
    <subfield code="a">Orchestre Symphonique De Montreal diretta da Dutoit Charles</subfield>
  </datafield>
  <datafield tag="511" ind1=" " ind2=" ">
    <subfield code="a">L'Orchestre National De L'Opera De MonteCarlo diretta da Bonynge Richard</subfield>
  </datafield>
  <datafield tag="511" ind1=" " ind2=" ">
    <subfield code="a">London Symphony Orchestra diretta da Abbado Claudio</subfield>
  </datafield>
  <datafield tag="511" ind1=" " ind2=" ">
    <subfield code="a">Vienna Haydn Orchestra diretta da Kertesz Istvan</subfield>
  </datafield>
  <datafield tag="511" ind1=" " ind2=" ">
    <subfield code="a">Orchestre Symphonique de Montreal diretta da Dutoit Charles</subfield>
  </datafield>
  <datafield tag="511" ind1=" " ind2=" ">
    <subfield code="a">Wiener Philharmoniker diretti da Boskovsky Willi</subfield>
  </datafield>
  <datafield tag="511" ind1=" " ind2=" ">
    <subfield code="a">Cleveland Orchestra &amp; Chorus diretti da Maazel Lorin</subfield>
  </datafield>
  <datafield tag="650" ind1=" " ind2=" ">
    <subfield code="a">SPOT TV [COMPACT DISC]</subfield>
    <subfield code="e">Codice MATERIA SPICS: 9949</subfield>
    <subfield code="9">31103</subfield>
  </datafield>
  <datafield tag="700" ind1=" " ind2=" ">
    <subfield code="a">Liszt Franz</subfield>
    <subfield code="d">Codice autore musica SPICS: 10789</subfield>
    <subfield code="e">Autore musica</subfield>
    <subfield code="p">Sogno d'amore</subfield>
    <subfield code="9">31104</subfield>
  </datafield>
  <datafield tag="700" ind1=" " ind2=" ">
    <subfield code="a">Smetana Friedrich</subfield>
    <subfield code="d">Codice autore musica SPICS: 1184</subfield>
    <subfield code="e">Autore musica</subfield>
    <subfield code="p">Moldava (La mia patria)</subfield>
    <subfield code="9">31105</subfield>
  </datafield>
  <datafield tag="700" ind1=" " ind2=" ">
    <subfield code="a">Galuppi Baldassarre</subfield>
    <subfield code="d">Codice autore musica SPICS: 14268</subfield>
    <subfield code="e">Autore musica</subfield>
    <subfield code="p">Andante (Sonata n. 5, Estr.)</subfield>
    <subfield code="9">31106</subfield>
  </datafield>
  <datafield tag="700" ind1=" " ind2=" ">
    <subfield code="a">Mussorgsky Modest</subfield>
    <subfield code="d">Codice autore musica SPICS: 45462</subfield>
    <subfield code="e">Autore musica</subfield>
    <subfield code="p">Baba - Yaga (Quadri di una esposizione, Estr.)</subfield>
    <subfield code="9">31107</subfield>
  </datafield>
  <datafield tag="700" ind1=" " ind2=" ">
    <subfield code="a">Faur&#xE9; Michel</subfield>
    <subfield code="d">Codice autore musica SPICS:  6783</subfield>
    <subfield code="e">Autore musica</subfield>
    <subfield code="p">Pavane</subfield>
    <subfield code="9">31108</subfield>
  </datafield>
  <datafield tag="700" ind1=" " ind2=" ">
    <subfield code="a">Beethoven Ludwig Van</subfield>
    <subfield code="d">Codice autore musica SPICS: 10721</subfield>
    <subfield code="e">Autore musica</subfield>
    <subfield code="p">Inno alla gioia - Sinfonia n. 5 (Estr.)</subfield>
    <subfield code="9">31109</subfield>
  </datafield>
  <datafield tag="700" ind1=" " ind2=" ">
    <subfield code="a">Satie Erik</subfield>
    <subfield code="d">Codice autore musica SPICS: 1590</subfield>
    <subfield code="e">Autore musica</subfield>
    <subfield code="p">Gymnopedie n. 1</subfield>
    <subfield code="9">31110</subfield>
  </datafield>
  <datafield tag="700" ind1=" " ind2=" ">
    <subfield code="a">Verdi Giuseppe</subfield>
    <subfield code="d">Codice autore musica SPICS: 89</subfield>
    <subfield code="e">Autore musica</subfield>
    <subfield code="p">Vedi le fosche notturne spoglie (Il trovatore)</subfield>
    <subfield code="9">31111</subfield>
  </datafield>
  <datafield tag="700" ind1=" " ind2=" ">
    <subfield code="a">Bizet Georges</subfield>
    <subfield code="d">Codice autore musica SPICS: 10724</subfield>
    <subfield code="e">Autore musica</subfield>
    <subfield code="p">Preludio (Carmen)</subfield>
    <subfield code="9">31112</subfield>
  </datafield>
  <datafield tag="700" ind1=" " ind2=" ">
    <subfield code="a">Delibes Leo</subfield>
    <subfield code="d">Codice autore musica SPICS: 7951</subfield>
    <subfield code="e">Autore musica</subfield>
    <subfield code="p">Valse lente (Coppelia) - Dome epais le Jasmin (Lakme)</subfield>
    <subfield code="9">31113</subfield>
  </datafield>
  <datafield tag="700" ind1=" " ind2=" ">
    <subfield code="a">Dvorak Antonin</subfield>
    <subfield code="d">Codice autore musica SPICS: 10772</subfield>
    <subfield code="e">Autore musica</subfield>
    <subfield code="p">Sinfonia n. 9 "Dal nuovo mondo"</subfield>
    <subfield code="9">31114</subfield>
  </datafield>
  <datafield tag="700" ind1=" " ind2=" ">
    <subfield code="a">Rossini Gioachino</subfield>
    <subfield code="d">Codice autore musica SPICS: 11125</subfield>
    <subfield code="e">Autore musica</subfield>
    <subfield code="p">La gazza ladra, ouverture - Guglielmo Tell, ouverture</subfield>
    <subfield code="9">31115</subfield>
  </datafield>
  <datafield tag="700" ind1=" " ind2=" ">
    <subfield code="a">Mendelssohn Felix</subfield>
    <subfield code="d">Codice autore musica SPICS: 3873</subfield>
    <subfield code="e">Autore musica</subfield>
    <subfield code="p">Sinfonia n. 4 "Italiana"</subfield>
    <subfield code="9">31116</subfield>
  </datafield>
  <datafield tag="700" ind1=" " ind2=" ">
    <subfield code="a">Mozart Wolfgang Amadeus</subfield>
    <subfield code="d">Codice autore musica SPICS: 3486</subfield>
    <subfield code="e">Autore musica</subfield>
    <subfield code="p">La ci darem la mano (Don Giovanni)</subfield>
    <subfield code="9">31117</subfield>
  </datafield>
  <datafield tag="700" ind1=" " ind2=" ">
    <subfield code="a">Strauss Johann Sr</subfield>
    <subfield code="d">Codice autore musica SPICS: 10080</subfield>
    <subfield code="e">Autore musica</subfield>
    <subfield code="p">Sul bel Danubio blu</subfield>
    <subfield code="9">31118</subfield>
  </datafield>
  <datafield tag="700" ind1=" " ind2=" ">
    <subfield code="a">Gershwin George</subfield>
    <subfield code="d">Codice autore musica SPICS: 10668</subfield>
    <subfield code="e">Autore musica</subfield>
    <subfield code="p">Summertime (Porgy &amp; Bess)</subfield>
    <subfield code="9">31119</subfield>
  </datafield>
  <datafield tag="942" ind1=" " ind2=" ">
    <subfield code="c">CD</subfield>
    <subfield code="2">ddc</subfield>
  </datafield>
  <datafield tag="952" ind1=" " ind2=" ">
    <subfield code="0">0</subfield>
    <subfield code="1">0</subfield>
    <subfield code="4">0</subfield>
    <subfield code="6">D_7374_000000000000000</subfield>
    <subfield code="7">1</subfield>
    <subfield code="a">SPICS</subfield>
    <subfield code="b">SPICS</subfield>
    <subfield code="d">2013-10-25</subfield>
    <subfield code="l">0</subfield>
    <subfield code="o">D7374</subfield>
    <subfield code="r">2013-10-25 00:00:00</subfield>
    <subfield code="w">2013-10-25</subfield>
    <subfield code="y">CD</subfield>
    <subfield code="z">Progr. Ins.: 2100 / N.Vol.: 1 / Copie: 1 - Copia rara: n.d. / date import: 01.01.2014 - By Epidotti, Trombetti, Vaglietti</subfield>
  </datafield>
</record>
